Oznamovací vodič s penovitou izoláciou

Bibliographic Details
Main Author: Krajčíová, J. (Author)
Format: Article
Language:Slovak

MARC

LEADER 00000nab a2200000 a 4500
001 vtls010703884
003 SK-MaSNL
005 20260304195033.0
008 250709s1961 xo |||||||||||||||||slo|
035 |a (urnnbn)urn:nbn:sk:snk:ar-a03wnf 
035 |a (uuid)d93c1879-97ee-4452-9c2f-cada5239e3fa 
035 |a urn:nbn:sk:snk-ab38sh 
040 |a SNKBUCL  |b slo  |c SNKBUCL  |e AACR2 
041 0 |a slo 
044 |a xo  |c SK 
100 1 |a Krajčíová, J.  |4 aut  |9 1147732 
245 1 0 |a Oznamovací vodič s penovitou izoláciou  |c J. Krajčíová 
773 0 |t Bulletin VÚKI  |g Roč. 14, č. 1 (1961), s. 35 
850 |a Slovenská národná knižnica 
852 |a Slovenská národná knižnica 
958 |a article1 
958 |a OND 
999 |c 3078699  |d 3080629